Geografía humana /

Guardado en:
Autor Principal: Jones, Emrys
Formato: Libro
Publicado: Argentina : Labor, 1974
Edición:5a. ed.
Materias:
Etiquetas: Agregar Etiqueta
Sin Etiquetas, Sea el primero en etiquetar este registro!
LEADER 00533nam a22001935a 4500
001 CEM.cems003513
005 19000101000000.0
008 130507s1974##################000#0#####d
003 CEMS
082 0 4 |a 910 
100 1 |a Jones, Emrys 
245 1 0 |a Geografía humana / 
250 |a 5a. ed. 
260 |a Argentina :  |b Labor,  |c 1974 
300 |a 248 p. 
653 |a Geografia 
653 |a Geografia humana 
859 |a CEMS  |b BIB. CEMS - 11 de abril  |h 910  |i J714a5  |p 3408.75  |t Ej.1 
859 |a CEMS  |b BIB. CEMS - 11 de abril  |h 910  |i J714a5  |p 3409.75  |t Ej.2